000 00215 a2200097 4500
001 18770
100 _aHolden, I
245 _aNetwork planning in management
260 _a
_bHutchinson
_c1970
090 _c13916
_d13916
942 _aNUST-CAE
_cM
_c4354
999 _c253843
_d253843